Zdraví pro život /

Hlavní autor: Vostatková, Jaroslava
Další autoři: Juchelka, Karel, 1917-, Bláha, Václav, 1922-2021
Jazyk: Čeština
Vydáno: Praha : Dominik Trávníček, 1991
Vydání: 1. vyd.
Témata:
Fyzický popis: 119 s. : il. ; 20 cm
Knihy
Uloženo v:
LEADER 01113nam a22003372a 4500
001 000097364
003 CZ BrMZK
005 20210709143554.0
007 ta
008 040716s1991 xr a f |||| 0 cze d
015 |a cnb000072603 
020 |a 80-900672-1-2  |q (váz.) 
035 |a (OCoLC)39590956 
040 |a ABA001  |b cze  |d BOA001 
080 9 |a 613.2 
080 9 |a 641/642 
100 1 |a Vostatková, Jaroslava  |7 xx0205108  |4 aut 
245 1 0 |a Zdraví pro život /  |c J. Vostatková, K. Juchelka ; kresby a typografie Václav Bláha 
250 |a 1. vyd. 
260 |a Praha :  |b Dominik Trávníček,  |c 1991 
300 |a 119 s. :  |b il. ;  |c 20 cm 
500 |a 10000 výt. 
650 0 7 |a racionální výživa  |7 ph124968  |2 czenas 
655 7 |a kuchařské recepty  |7 fd132687  |2 czenas 
655 7 |a příručky  |7 fd133209  |2 czenas 
700 1 |a Juchelka, Karel,  |d 1917-  |7 xx0085642  |4 aut 
700 1 |a Bláha, Václav,  |d 1922-2021  |7 jk01012210  |4 ill  |4 art 
910 |a BOA001  |b 2-0980.809 
990 |a BK 
991 |b 202106 
996 6 |b 2619986941  |c 2-0980.809  |l MZK  |r Sklad / do 1 hodiny  |n 4  |w 000097364  |u 000010  |a 1  |e BOA001  |j MZK50  |s P